[Event "CZE-chT U18 Extraliga final-B 1819"]
[Site "Czech Republic"]
[Date "2019.04.14"]
[Round "11.4"]
[White "Sulc, Jakub"]
[Black "Blahut, Vladislav"]
[Result "0-1"]
[WhiteElo "1658"]
[BlackElo "1144"]
[PlyCount "136"]
[EventDate "2018.10.05"]
[EventType "team-tourn"]
[EventRounds "11"]
[EventCountry "CZE"]
[SourceTitle "EXT 2023"]
[Source "ChessBase"]
[SourceDate "2022.10.05"]
[SourceVersion "1"]
[SourceVersionDate "2022.10.05"]
[SourceQuality "1"]
[WhiteTeam "Novoborsky U18"]
[BlackTeam "Frydek Mistek BSS (U18) II"]
[WhiteTeamCountry "CZE"]
[BlackTeamCountry "CZE"]

1. e4 e5 2. d3 Nc6 3. f4 exf4 4. Bxf4 d5 5. exd5 Qxd5 6. Nd2 Nf6 7. c3 Bf5 8. Qe2+ Be7 9. Nb3 0-0-0 10. 0-0-0 Rhe8 11. Qc2 Nh5 12. Bg3 Bg5+ 13. Kb1 Re3 14. Nf3 Bf6 15. Nc1 Bg4 16. Be2 Rde8 17. Bf2 R3e7 18. h3 Bd7 19. Rhe1 Nf4 20. Bf1 Be6 21. Re4 g5 22. Bd4 Nxd4 23. Nxd4 Bxd4 24. Rxd4 Qc6 25. Qf2 h6 26. Re4 f5 27. Ree1 Qd6 28. Ka1 a6 29. Re3 Nd5 30. Ree1 f4 31. Be2 Ne3 32. Rd2 Kb8 33. Bh5 Rd8 34. Bg6 Bd5 35. Bh5 Bxg2 36. Bg4 Qc6 37. Qg1 Bd5 38. Ne2 Qa4 39. Nc1 Rd6 40. b3 Qa3 41. Rb2 Rc6 42. c4 Bf7 43. Bf3 Rce6 44. Ree2 Qb4 45. h4 Qc5 46. Qh1 c6 47. hxg5 Qxg5 48. Rh2 Qf6 49. Be4 Ng4 50. Rhg2 h5 51. Rgc2 Bg6 52. Bxg6 Qxg6 53. Qf1 Qf5 54. Qg1 f3 55. Qb6 c5 56. Qd8+ Ka7 57. b4 Qe5 58. bxc5 Qxc5 59. d4 Qc7 60. Qd5 f2 61. Rxf2 Nxf2 62. Rxf2 Re1 63. Kb2 Qb6+ 64. Kc2 Qg6+ 65. Kb2 h4 66. Rf3 Qg2+ 67. Kb1 Rxc1+ 68. Kxc1 Re1# 0-1

[Event "CZE-chT U18 Extraliga final-B 1819"]
[Site "Czech Republic"]
[Date "2019.04.13"]
[Round "9.4"]
[White "Ruzicka, Filip1111"]
[Black "Blahut, Vladislav"]
[Result "1-0"]
[WhiteElo "1699"]
[BlackElo "1144"]
[PlyCount "117"]
[EventDate "2018.10.05"]
[EventType "team-tourn"]
[EventRounds "11"]
[EventCountry "CZE"]
[SourceTitle "EXT 2023"]
[Source "ChessBase"]
[SourceDate "2022.10.05"]
[SourceVersion "1"]
[SourceVersionDate "2022.10.05"]
[SourceQuality "1"]
[WhiteTeam "Praha Kobylisy (U18)"]
[BlackTeam "Frydek Mistek BSS (U18) II"]
[WhiteTeamCountry "CZE"]
[BlackTeamCountry "CZE"]

1. e4 e5 2. Nf3 Nc6 3. d4 exd4 4. c3 d5 5. exd5 Qxd5 6. cxd4 Bg4 7. Be2 Bxf3 8. Bxf3 Qc4 9. Nc3 Bb4 10. Qb3 Qxb3 11. axb3 Nge7 12. 0-0 0-0-0 13. Bxc6 Nxc6 14. d5 Na5 15. Ra4 Bxc3 16. bxc3 Nxb3 17. Rxa7 Kb8 18. Ra4 Rxd5 19. Rf4 f6 20. Re4 Rhd8 21. Bf4 g5 22. Be3 f5 23. Rb4 Nd2 24. Bxg5 Nxf1 25. Bxd8 Rd1 26. f3 Ne3+ 27. Kf2 Nc2 28. Rb2 Rd2+ 29. Kg3 Rxd8 30. Rxc2 b5 31. Kf4 Rd5 32. Rb2 c6 33. Kg5 Kc7 34. Kh6 Rd7 35. h4 Rf7 36. h5 Kd6 37. Rd2+ Ke5 38. g3 Rc7 39. Rd8 Kf6 40. g4 fxg4 41. fxg4 c5 42. g5+ Ke7 43. Rd1 b4 44. cxb4 cxb4 45. Kxh7 b3 46. g6 Kf6+ 47. Kh6 b2 48. Rf1+ Ke5 49. Rb1 Rc2 50. g7 Rc6+ 51. Kh7 Rc1 52. Rxb2 Rh1 53. Rb5+ Kf6 54. g8Q Ke7 55. Qg7+ Kd6 56. Qf6+ Kc7 57. Qb6+ Kd7 58. Qb7+ Ke6 59. Qa6+ 1-0